<?xml version="1.0" encoding="UTF-8"?>
<collection xmlns="http://www.loc.gov/MARC21/slim">
 <record>
  <leader>09170nam a2200385 a 4500</leader>
  <controlfield tag="001">kal5136</controlfield>
  <controlfield tag="003">Gr-AtHEAL</controlfield>
  <controlfield tag="005">20160425091709.0</controlfield>
  <controlfield tag="006">m        d        </controlfield>
  <controlfield tag="008">160413s2015    gr      s           gre|c</controlfield>
  <datafield tag="020" ind1=" " ind2=" ">
   <subfield code="a">9789606034244</subfield>
  </datafield>
  <datafield tag="040" ind1=" " ind2=" ">
   <subfield code="a">GR-AtHEAL</subfield>
   <subfield code="b">gre</subfield>
   <subfield code="c">GR-AtHEAL</subfield>
  </datafield>
  <datafield tag="082" ind1="0" ind2="4">
   <subfield code="a">573</subfield>
   <subfield code="2">23</subfield>
  </datafield>
  <datafield tag="100" ind1="1" ind2=" ">
   <subfield code="a">Χατζηιωάννου, Μαριάνθη.</subfield>
   <subfield code="8">1299</subfield>
  </datafield>
  <datafield tag="245" ind1="1" ind2="0">
   <subfield code="a">Εργαστηριακές ασκήσεις ιστολογίας</subfield>
   <subfield code="h">[Ηλεκτρονικός πόρος] </subfield>
   <subfield code="b">Ιστολογία υδρόβιων ζωικών οργανισμών</subfield>
   <subfield code="c">Χατζηιωάννου, Μαριάνθη ; Βαφείδης, Δημήτριος ; Κριτικός αναγνώστης,Στάϊκου, Αλεξάνδρα ; Τεχνική επιμέλεια,Λόλας, Αλέξιος ; Γλωσσική επιμέλεια,Θεοδωρίδου, Ελπίδα.</subfield>
  </datafield>
  <datafield tag="260" ind1=" " ind2=" ">
   <subfield code="a">Αθήνα :</subfield>
   <subfield code="b">Σύνδεσμος Ελληνικών Ακαδημαϊκών Βιβλιοθηκών,</subfield>
   <subfield code="c">c2015.</subfield>
  </datafield>
  <datafield tag="490" ind1=" " ind2=" ">
   <subfield code="a">Ακαδημαϊκά Ηλεκτρονικά Συγγράμματα και Βοηθήματα Κάλλιπος</subfield>
   <subfield code="8">40</subfield>
  </datafield>
  <datafield tag="505" ind1="0" ind2=" ">
   <subfield code="a">ΠΕΡΙΕΧΟΜΕΝΑ 1. Βασικές έννοιες1.1 Εισαγωγή 1.2 Επίπεδα οργάνωσης του σώματος των πολυκύτταρων ζώων 1.3 Συνοπτική παρουσίαση των κυριότερων ομάδων των Υδρόβιων ζωικών οργανισμών 1.4 Συνοπτική παρουσίαση των Ιστών 2. Μέθοδοι και τεχνικές ιστολογίας 2.1. Παρασκευή ζωικών υλικών για μικροσκοπική εξέταση 2.2. Στερέωση και χρώση ζωικού υλικού (Μόνιμα παρασκευάσματα) 2.3. Εξοπλισμός του εργαστηρίου Ιστολογίας 2.4. Συνοπτική παρουσίαση της κλασικής ιστολογικής τεχνικής 2.5. Αναλυτικό Πρωτόκολλο: Buin-Παραφίνη / H&amp; E 2.6 Προετοιμασία χημικών αντιδραστηρίων 2.7. Πρακτικές οδηγίες 2.8. Οδηγίες για τη μελέτη των ιστολογικών τομών στο οπτικό μικροσκόπιο 3. Παραγωγή ιστολογικών παρασκευασμάτων 3.1 Θεωρητικό μέρος 3.2 Πειραματικό μέρος 3.2.1 Απομόνωση και μονιμοποίηση των ιστών 3.2.2 Εφαρμογή ιστολογικής τεχνικής 3.2.3 Παρατήρηση και καταγραφή δεδομένων 3.3 Κριτήριο αξιολόγησης 4. Ιστολογική μελέτη περιφερικού αίματος υδρόβιων σπονδυλόζωων 4.1 Θεωρητικό μέρος 4.2 Πειραματικό μέρος 4.3. Πρόταση για σύγκριση 4.4 Κριτήριο αξιολόγησης 5. Μικροσκοπική μελέτη σκελετικών στοιχείων Σπόγγων και Κνιδόζωων 5.1 Θεωρητικό μέρος 5.2 Πειραματικό μέρος 5.3 Πρόταση για σύγκριση 5.4 Κριτήριο αξιολόγησης 6. Συγκριτική ιστολογική μελέτη τού συστήματος εξωτερικών περιβλημάτων 6.1 Θεωρητικό μέρος 6.2 Πειραματικό μέρος 6.3 Πρόταση για σύγκριση 6.4 Κριτήριο αξιολόγησης 7. Iστολογική μελέτη του πεπτικού συστήματος του βατράχου 7.1 Θεωρητικό μέρος 7.2 Πειραματικό μέρος 7.3 Πρόταση για σύγκριση 7.4 Κριτήριο αξιολόγησης8. Ιστολογική μελέτη της γαμετογένεσης στον Αχινό 8.1 Θεωρητικό μέρος 8.2 Πειραματικό μέρος 8.3 Πρόταση για σύγκριση 8.4 Κριτήριο αξιολόγησης 9. Ιστολογική μελέτη της προνύμφης Αμμοκοίτη (Άγναθα - Κυκλόστομοι) 9.1 Θεωρητικό μέρος 9.2 Πειραματικό μέρος 9.3 Πρόταση για σύγκριση 9.4 Κριτήριο αξιολόγησης 10. Παράρτημα</subfield>
  </datafield>
  <datafield tag="520" ind1=" " ind2=" ">
   <subfield code="a">Ο εργαστηριακός οδηγός αποτελεί μία προσπάθεια να αποδοθεί η δομή των ιστών και των οργάνων του σώματος του υδρόβιων ζωικών οργανισμών, όπως αυτή εμφανίζεται κατά την παρατήρηση στο οπτικό μικροσκόπιο. Παρουσιάζεται αρχικά μια σύνοψη των χαρακτηριστικών των κυριότερων φύλων των ασπόνδυλων ζωικών οργανισμών και των χορδωτών. Δίνεται έμφαση στις ταξινομικές ομάδες των υδρόβιων ζωικών οργανισμών και ειδικά αυτών με ιδιαίτερο εφαρμοσμένο (ιχθυολογικό) ενδιαφέρον (ιχθύες, αμφίβια, σπόγγοι, κνιδόζωα, μαλάκια, εχινοδέρματα). Παρουσιάζονται οι μέθοδοι για την παραγωγή ιστολογικών τομών καθώς και απλές τεχνικές για την μονιμοποίηση και παρατήρηση στο οπτικό μικροσκόπιο. Παρουσιάζεται συνοπτικά ο βασικός εξοπλισμός ενός εργαστηρίου Ιστολογίας.Το τρίτο μέρος του βιβλίου αποτελείται από οκτώ εργαστηριακές ασκήσεις. Σε κάθε άσκηση αναφέρεται το αντικείμενο, οι εκπαιδευτικοί στόχοι, οι διδακτικές ώρες που απαιτούνται για την ολοκλήρωσή της και ο εργαστηριακός εξοπλισμός. Γίνεται σύντομη εισαγωγή σε θεωρητικές έννοιες και ακολουθούν οι οδηγίες για την πραγματοποίηση του πειραματικού μέρους της άσκησης. Τέλος δίνονται οδηγίες για την καταγραφή και αξιολόγηση των αποτελεσμάτων και παρατίθεται φύλλο εργασίας που θα παραδώσουν οι φοιτητές. Οι εργαστηριακές ασκήσεις διακρίνονται σε δυο κατηγορίες, σε αυτές που οι φοιτητές παράγουν οι ίδιοι τα μικροσκοπικά παρασκευάσματα προς παρατήρηση και σε αυτές που οι φοιτητές ασκούνται μόνο στην αίθουσα Οπτικής Μικροσκοπίας μελετώντας έτοιμα παρασκευάσματα. Σε όλες τις ενότητες υπάρχουν εποπτικοί πίνακες και φωτογραφίες. Οι εικόνες αναλύονται συγκριτικά στο επεξηγηματικό κείμενο που τις συνοδεύει, προκειμένου να παρασχεθούν οι απαραίτητες πληροφορίες για την κατανόηση της μικροσκοπικής δομής του σώματος και των φυσιολογικών λειτουργιών.</subfield>
  </datafield>
  <datafield tag="650" ind1=" " ind2="0">
   <subfield code="a">Veterinary histology</subfield>
   <subfield code="8">2371</subfield>
  </datafield>
  <datafield tag="653" ind1=" " ind2=" ">
   <subfield code="a">Υδρόβιοι ζωικοί οργανισμοί</subfield>
  </datafield>
  <datafield tag="653" ind1=" " ind2=" ">
   <subfield code="a">Ιστολογία των ζώων</subfield>
  </datafield>
  <datafield tag="653" ind1=" " ind2=" ">
   <subfield code="a">Ανατομία των ζώων</subfield>
  </datafield>
  <datafield tag="653" ind1=" " ind2=" ">
   <subfield code="a">Ζωολογία</subfield>
  </datafield>
  <datafield tag="653" ind1=" " ind2=" ">
   <subfield code="a">Ιχθυολογία</subfield>
  </datafield>
  <datafield tag="653" ind1=" " ind2=" ">
   <subfield code="a">Επιστήμες της ζωής</subfield>
   <subfield code="a">Λειτουργική και οργανισμικη βιολογία</subfield>
   <subfield code="a">Ζωολογία/Βιολογία των ζώων</subfield>
   <subfield code="a">Ιστολογία των ζώων</subfield>
  </datafield>
  <datafield tag="653" ind1=" " ind2=" ">
   <subfield code="a">Επιστήμες της ζωής</subfield>
   <subfield code="a">Λειτουργική και οργανισμικη βιολογία</subfield>
   <subfield code="a">Ζωολογία/Βιολογία των ζώων</subfield>
   <subfield code="a">Ανατομία των ζώων</subfield>
  </datafield>
  <datafield tag="653" ind1=" " ind2=" ">
   <subfield code="a">Επιστήμες της ζωής</subfield>
   <subfield code="a">Λειτουργική και οργανισμικη βιολογία</subfield>
   <subfield code="a">Ζωολογία/Βιολογία των ζώων</subfield>
   <subfield code="a">Ιχθυολογία</subfield>
  </datafield>
  <datafield tag="700" ind1="1" ind2=" ">
   <subfield code="a">Βαφείδης, Δημήτριος</subfield>
   <subfield code="e">Συγγραφέας</subfield>
   <subfield code="8">1300</subfield>
  </datafield>
  <datafield tag="700" ind1="1" ind2=" ">
   <subfield code="a">Στάϊκου, Αλεξάνδρα</subfield>
   <subfield code="e">Κριτικός αναγνώστης</subfield>
   <subfield code="8">1301</subfield>
  </datafield>
  <datafield tag="856" ind1="4" ind2="0">
   <subfield code="u">http://hdl.handle.net/11419/5136</subfield>
   <subfield code="z">Πλήρες Κείμενο - Full text</subfield>
  </datafield>
  <datafield tag="907" ind1=" " ind2=" ">
   <subfield code="a">.b25681321</subfield>
   <subfield code="b">12-06-18</subfield>
   <subfield code="c">29-07-16</subfield>
  </datafield>
  <datafield tag="949" ind1=" " ind2=" ">
   <subfield code="0">0</subfield>
   <subfield code="1">0</subfield>
   <subfield code="2">ddc</subfield>
   <subfield code="4">0</subfield>
   <subfield code="6">573_000000000000000_ΧΑΤ</subfield>
   <subfield code="7">0</subfield>
   <subfield code="8">KALL</subfield>
   <subfield code="8">891</subfield>
   <subfield code="d">2016-04-13</subfield>
   <subfield code="r">2016-04-13</subfield>
   <subfield code="w">2016-04-13</subfield>
   <subfield code="z">573 ΧΑΤ</subfield>
   <subfield code="o">SEAB KALLIPOS</subfield>
  </datafield>
  <datafield tag="998" ind1=" " ind2=" ">
   <subfield code="a">80</subfield>
   <subfield code="a">01</subfield>
   <subfield code="a">02</subfield>
   <subfield code="a">03</subfield>
   <subfield code="a">04</subfield>
   <subfield code="a">05</subfield>
   <subfield code="a">06</subfield>
   <subfield code="a">07</subfield>
   <subfield code="a">08</subfield>
   <subfield code="a">09</subfield>
   <subfield code="a">10</subfield>
   <subfield code="a">11</subfield>
   <subfield code="a">12</subfield>
   <subfield code="a">13</subfield>
   <subfield code="a">14</subfield>
   <subfield code="a">15</subfield>
   <subfield code="a">16</subfield>
   <subfield code="a">17</subfield>
   <subfield code="a">18</subfield>
   <subfield code="a">19</subfield>
   <subfield code="a">20</subfield>
   <subfield code="a">21</subfield>
   <subfield code="a">22</subfield>
   <subfield code="a">23</subfield>
   <subfield code="a">24</subfield>
   <subfield code="a">25</subfield>
   <subfield code="a">26</subfield>
   <subfield code="b">25-05-17</subfield>
   <subfield code="c">m</subfield>
   <subfield code="d">z  </subfield>
   <subfield code="e">-</subfield>
   <subfield code="f">gre</subfield>
   <subfield code="g">gr </subfield>
   <subfield code="h">0</subfield>
  </datafield>
  <datafield tag="942" ind1=" " ind2=" ">
   <subfield code="2">ddc</subfield>
   <subfield code="c">KALLIPOS</subfield>
  </datafield>
 </record>
</collection>
